000 00645nam a2200217 a 4500
999 _c6559
_d6559
001 6559
003 BD-JhCC
005 20180125131235.0
008 180125s2006 b ||||| |||| 00| 0 b d
035 _a(BD-JhCC)
040 _aBD-JhCC
_dBD-JhCC
041 _aben
082 _a615.32095
_bTHA 2006
100 _a ঠাকুর, অবনীভূষণ
245 _aভেষজ উদ্ভিদ ও লোকজ ব্যবহার /
_cঅবনীভূষণ ঠাকুর
260 _aঢাকা :
_bঅবসর,
_c২০০৬
300 _a295p. :
_c22cm.
650 _aMedicinal Plants
942 _2ddc
_cBK